[Event "St Petersburg Botvinnik 100 op"]
[Site "St Petersburg"]
[Date "2011.08.16"]
[Round "5"]
[White "Maletin, Pavel"]
[Black "Geller, Jakov"]
[Result "1-0"]
[WhiteElo "2575"]
[BlackElo "2535"]
[PlyCount "69"]
[EventDate "2011.08.12"]
[EventType "swiss"]
[EventRounds "9"]
[EventCountry "RUS"]
[SourceTitle "CBM 143 Extra"]
[Source "ChessBase"]
[SourceDate "2011.08.29"]
[SourceVersion "1"]
[SourceVersionDate "2011.08.29"]
[SourceQuality "1"]

1. c4 c6 2. Nf3 d5 3. d4 Nf6 4. e3 e6 5. b3 Nbd7 6. Bd3 Bd6 7. Bb2 O-O 8. O-O b6 9. Ne5 Bb7 10. Nd2 c5 11. cxd5 exd5 12. f4 cxd4 13. exd4 Ne4 14. Nxe4 dxe4 15. Bc4 Nf6 16. Qe2 Rc8 17. Rac1 Rc7 18. Rc3 Qc8 19. a4 a6 20. Rfc1 Qf5 $146 ({RR} 20... Qa8 21. f5 Rd8 22. Rf1 Bd5 23. Rg3 Bxc4 24. bxc4 Qc8 25. Qe3 Bf8 26. Qg5 Ne8 27. Qh5 f6 28. Ng4 Qd7 29. a5 Kh8 30. Ne3 bxa5 31. c5 Rb7 32. Rh3 h6 33. Qe2 Nc7 34. Nc4 Rb4 35. Bc3 {Belov,V (2625)-Geller,J (2539) Irkutsk 2010 1-0 (47)}) 21. g3 Bb4 22. Be6 Qxe6 23. Rxc7 Qd5 24. Nc6 Bxc6 25. R7xc6 Qxb3 26. Rxb6 a5 27. Rbc6 h5 28. d5 Nxd5 29. Qxe4 Nxf4 30. Bxg7 Nh3+ 31. Kg2 Ng5 32. Qf5 Qe3 33. Bxf8 Qe2+ 34. Kh1 Nf3 35. Rg6+ 1-0

[Event "FRA-chA 86th"]
[Site "Caen"]
[Date "2011.08.17"]
[Round "4"]
[White "Bricard, Emmanuel"]
[Black "Bauer, Christian"]
[Result "1-0"]
[WhiteElo "2502"]
[BlackElo "2637"]
[PlyCount "127"]
[EventDate "2011.08.14"]
[EventType "tourn"]
[EventRounds "11"]
[EventCountry "FRA"]
[EventCategory "15"]
[SourceTitle "CBM 144"]
[Source "ChessBase"]
[SourceDate "2011.09.16"]
[SourceVersion "1"]
[SourceVersionDate "2011.09.16"]
[SourceQuality "1"]

1. Nf3 d5 2. c4 d4 3. g3 g6 4. b4 Bg7 5. d3 e5 6. Bg2 Ne7 7. O-O O-O 8. a4 a5 9. b5 c5 10. Ra2 ({RR} 10. Nbd2 Ra7 11. Ra3 b6 12. e3 h6 13. exd4 exd4 14. Re1 Nf5 15. Ra2 Nd6 16. Ne4 Nxe4 17. Rxe4 Bf5 18. Re1 Re8 19. Rxe8+ Qxe8 20. Re2 Re7 21. Rxe7 Qxe7 22. Nh4 Bc8 23. Bf4 Nd7 24. Bc7 Be5 {Fressinet,L (2717)-Le,Q (2712) Dubai 2014 ½-½ (43)}) ({RR} 10. bxc6 Nexc6 11. Ba3 Re8 12. Nbd2 Nd7 13. Ne4 Nf6 14. Nd6 Re6 15. Nxc8 Rxc8 16. Bh3 Re8 17. Bxc8 Qxc8 18. Rb1 Qh3 19. Rxb7 Ng4 20. Qb3 e4 21. dxe4 Nce5 22. Rd1 d3 23. Rxd3 Nxf3+ {0-1 (23) Mekhitarian,K (2564)-Platzgummer,F (2291) chess.com INT 2025}) 10... Ra7 11. e4 dxe3 12. Bxe3 $146 ({RR} 12. fxe3 b6 13. Nc3 Rd7 14. Ne1 f5 15. Qb3 Rd6 16. e4 Nd7 17. Nd5 Nxd5 18. cxd5 Nf6 19. Nc2 Nh5 20. Bf3 f4 21. g4 Nf6 22. h3 h5 23. g5 Nh7 24. h4 Nxg5 25. hxg5 Qxg5+ 26. Bg2 h4 {Stopa,J (2491)-Ivanov,M (2390) Feffernitz 2013 1-0 (44)}) ({RR} 12. fxe3 b6 13. Nc3 Rd7 14. Ne1 f5 15. e4 f4 16. Raf2 Rd6 17. Nd5 g5 18. Nc2 Ng6 19. Qh5 Nd7 20. h4 h6 21. hxg5 hxg5 22. Bh3 Nf6 23. Nxf6+ Qxf6 24. Bxc8 Rxc8 25. Ne3 Rxd3 26. Nd5 Qe6 {Markus,R (2606)-Brkic,A (2541) Banja Vrucica 2009 1-0 (41)}) 12... b6 13. Nc3 Bf5 14. Rd2 h6 15. Re1 Nd7 16. Rc2 Be6 17. Bc1 Re8 18. Rce2 f6 19. Ne4 Nc8 20. Qc2 Bf7 21. Nfd2 Nf8 22. Nb3 Ne6 23. Nc3 Ne7 24. Nd5 Rd7 25. Nxe7+ Rexe7 26. Re3 h5 27. h4 Bh6 28. Rf3 Bxc1 29. Rxc1 Kg7 30. Re1 Nd4 31. Nxd4 Rxd4 32. Rfe3 Red7 33. Be4 R7d6 34. Qe2 Qd7 35. Bc6 Qg4 36. Bf3 Qd7 37. Bc6 Qg4 38. Bf3 Qc8 39. Bc6 Qd8 40. Be4 Be6 41. f4 exf4 42. gxf4 Bg4 43. Qf2 Kh6 44. Bd5 R6xd5 45. cxd5 Qxd5 46. Qg2 Qxg2+ 47. Kxg2 Rxf4 48. Re4 Rf5 49. Re6 Rf4 50. Rxb6 Bf5 51. Rb8 Rxh4 52. b6 Rb4 53. b7 Kg5 54. Re7 Bxd3 55. Rbe8 Be4+ 56. Rxe4 Rxb7 57. Rc4 Rb2+ 58. Kf3 f5 59. Rxc5 Ra2 60. Rxa5 h4 61. Ra6 Ra3+ 62. Re3 Ra1 63. Ree6 Ra3+ 64. Ke2 1-0

[Event "SRB-chT"]
[Site "Valjevo"]
[Date "2011.08.29"]
[Round "3.2"]
[White "Markus, Robert"]
[Black "Mastrovasilis, Athanasios"]
[Result "1-0"]
[WhiteElo "2652"]
[BlackElo "2537"]
[PlyCount "83"]
[EventDate "2011.08.27"]
[EventType "team-tourn"]
[EventRounds "11"]
[EventCountry "SRB"]
[SourceTitle "CBM 144 Extra"]
[Source "ChessBase"]
[SourceDate "2011.10.28"]
[SourceVersion "1"]
[SourceVersionDate "2011.10.28"]
[SourceQuality "1"]
[WhiteTeam "Novi Sad DDOR"]
[BlackTeam "Subotica Spartak"]
[WhiteTeamCountry "SRB"]
[BlackTeamCountry "SRB"]

1. Nf3 d5 2. g3 Nf6 3. Bg2 c6 4. O-O Bf5 5. d3 e6 6. Nfd2 e5 7. e4 dxe4 8. dxe4 Be6 9. Qe2 Bc5 10. Nb3 Bb6 11. Na3 O-O 12. Nc4 Nbd7 $146 ({RR} 12... Bc7 13. a4 Nfd7 14. f4 exf4 15. gxf4 a5 16. Bd2 Qe7 17. Kh1 b6 18. Nd4 Bxc4 19. Qxc4 c5 20. e5 cxd4 21. Bxa8 Qc5 22. Qxc5 Nxc5 23. Bd5 Rd8 24. Bc4 Nc6 25. Rae1 Kf8 26. b3 Ke7 27. Bb5 {Korpa,B (2497)-Mozes,E (2156) Arad 2017 1-0}) 13. a4 Qe7 14. h3 Rfd8 15. Kh2 Ne8 16. Nbd2 Nd6 17. Nxd6 Qxd6 18. Nc4 Qb4 19. Nxb6 axb6 20. b3 Nc5 21. Qe3 Qd4 22. Rb1 Na6 23. f4 c5 24. Qe1 exf4 25. gxf4 f5 26. Bb2 Qd7 27. Rg1 Qf7 28. Bh1 g6 29. Qc3 Rd4 30. Qe3 Nb4 31. Rbc1 Rad8 32. Bxd4 Rxd4 33. exf5 Bxf5 34. Rcd1 Nxc2 35. Qe5 Qd7 36. Bd5+ Qxd5 37. Qxd5+ Rxd5 38. Rxd5 Nd4 39. Rd6 b5 40. axb5 Nxb5 41. Rb6 Nd4 42. Rc1 1-0

[Event "FIDE World Cup"]
[Site "Khanty-Mansiysk"]
[Date "2011.08.28"]
[Round "1.1"]
[White "Berkes, Ferenc"]
[Black "Mareco, Sandro"]
[Result "1-0"]
[WhiteElo "2696"]
[BlackElo "2597"]
[PlyCount "83"]
[EventDate "2011.08.28"]
[EventType "k.o."]
[EventRounds "7"]
[EventCountry "RUS"]
[SourceTitle "CBM 145"]
[Source "ChessBase"]
[SourceDate "2011.11.11"]
[SourceVersion "1"]
[SourceVersionDate "2011.11.11"]
[SourceQuality "1"]

1. Nf3 Nf6 2. g3 d5 3. Bg2 c6 4. O-O Bf5 5. d3 e6 6. Nfd2 Bc5 7. e4 Bg6 8. Kh1 dxe4 9. dxe4 h5 10. h3 h4 11. g4 e5 12. Qe1 $146 ({RR} 12. Qe2 Nbd7 13. Nc3 Nh7 14. Nc4 Ng5 15. Na4 Be7 16. Bxg5 Bxg5 17. Nd6+ Kf8 18. Nxb7 Qb8 19. Qa6 Qc7 20. Rad1 Kg8 21. Nd6 Rb8 22. Nc4 Rb5 23. Nc3 Rc5 24. Nd6 Nf8 25. Qb7 Qxb7 26. Nxb7 Rc4 {Erdos,V (2619)-Warakomski,T (2505) Rio Achaea 2018 ½-½ (37)}) 12... Nbd7 13. Nb3 Bd6 14. Na3 Bc7 15. Bg5 Qe7 16. f3 Nf8 17. Bxh4 Ne6 18. Rd1 Nf4 19. Nc4 Rd8 20. Rxd8+ Bxd8 21. Bg3 Nd7 22. Nba5 Nc5 23. b4 Nce6 24. Nxb7 Bc7 25. Kh2 Nd4 26. Bxf4 exf4 27. Qf2 Ne6 28. Qxa7 O-O 29. Nc5 Rd8 30. Na6 Bxe4 31. Nxc7 Bd5 32. Na5 Ng5 33. Qc5 Qxc7 34. c4 Ne4 35. Qg1 Be6 36. Rd1 Nc3 37. Rxd8+ Qxd8 38. Nxc6 Qd2 39. Qd4 Qe1 40. Qg1 Qg3+ 41. Kh1 Bxc4 42. Ne7+ 1-0

[Event "FIDE World Cup"]
[Site "Khanty-Mansiysk"]
[Date "2011.09.06"]
[Round "4.1"]
[White "Radjabov, Teimour"]
[Black "Jakovenko, Dmitrij"]
[Result "1-0"]
[WhiteElo "2744"]
[BlackElo "2736"]
[PlyCount "95"]
[EventDate "2011.08.28"]
[EventType "k.o."]
[EventRounds "7"]
[EventCountry "RUS"]
[SourceTitle "CBM 145"]
[Source "ChessBase"]
[SourceDate "2011.11.11"]
[SourceVersion "1"]
[SourceVersionDate "2011.11.11"]
[SourceQuality "1"]

1. Nf3 d5 2. g3 Nf6 3. Bg2 g6 4. b3 Bg7 5. Bb2 O-O 6. c4 dxc4 7. bxc4 c5 8. O-O Nc6 9. d3 Bf5 ({RR} 9... Bg4 10. Ne5 Nxe5 11. Bxe5 b6 12. Nc3 Qd7 13. Bxa8 Rxa8 14. d4 Rd8 15. dxc5 Qc8 16. Qa4 Qxc5 17. Bxf6 exf6 18. Rfd1 Rc8 19. Qxa7 f5 20. Rac1 Bd4 21. Rf1 Qxc4 22. Nb5 Bxf2+ 23. Kxf2 Qxe2+ 24. Kg1 {Bacrot,E (2695)-Mamedyarov,S (2752) Moscow 2007 0-1}) 10. Nc3 Qd7 ({RR} 10... Qc8 11. Re1 Bh3 12. Bh1 b6 13. Qc1 Rd8 14. Ng5 Bf5 15. Nd5 Rb8 16. Rb1 Qd7 17. Qf4 h6 18. Nf3 g5 19. Qd2 Bh3 20. e4 Ne8 21. e5 e6 22. Nf6+ Bxf6 23. exf6 Qxd3 24. Qc1 Rbc8 25. Ne5 {Bocharov,D (2519)-Lisenkov,S (2080) Khanty-Mansiysk RUS 2023 ½-½ (54)}) 11. Re1 Rac8 $146 ({RR} 11... Bh3 12. Bh1 h6 13. Rb1 b6 14. Qa4 Rac8 15. Nd5 Rfd8 16. a3 g5 17. Qb5 Nxd5 18. cxd5 Nd4 19. Nxd4 cxd4 20. Qb4 e5 21. Qb3 Rc5 22. Rbc1 Rdc8 23. Rxc5 Rxc5 24. Rc1 Qb5 25. Qb4 Bf8 26. Rxc5 {Brunelliere,P (2294)-Komljenovic,D (2450) Sautron 2002 0-1 (36)}) ({RR} 11... Bh3 12. Bh1 h6 13. Qc1 Rad8 14. Nd5 Nxd5 15. Bxg7 Kxg7 16. cxd5 Qxd5 17. Qb2+ Kg8 18. Qxb7 Rb8 19. Qa6 Nb4 20. Qa4 Bd7 21. Qd1 Nc6 22. Qc1 Qh5 23. Qc3 Rfc8 24. Rac1 Nb4 25. Qa1 Bg4 26. Rc4 {Mufic,G-Komljenovic,D (2380) Medulin 1983 0-1 (47)}) 12. Rb1 b6 13. Nb5 Bh3 14. Bh1 Ne8 15. Bxg7 Nxg7 16. Ng5 Bg4 17. Qd2 h6 18. Ne4 Kh7 19. Nec3 f5 20. f3 Bh5 21. f4 e6 22. Bg2 Rfd8 23. Kh1 Qe7 24. Qe3 Ne8 25. h3 Nd6 26. Nxd6 Rxd6 27. Kh2 Rd7 28. Rg1 g5 29. g4 gxf4 30. Qxf4 Bg6 31. gxf5 exf5 32. Nd5 Qd6 33. Rbf1 Kh8 34. h4 Bh7 35. Bh3 Re8 36. e4 Nb4 37. Qxd6 Rxd6 38. Bxf5 Nxd5 39. cxd5 Bxf5 40. Rxf5 c4 41. Rf4 c3 42. Rf7 Rc8 43. Rgg7 Rdd8 44. Rh7+ Kg8 45. Rfg7+ Kf8 46. Rxa7 Kg8 47. Rag7+ Kf8 48. Rd7 1-0

[Event "Moscow Botvinnik Memorial (Women)"]
[Site "Moscow"]
[Date "2011.09.03"]
[Round "5"]
[White "Danielian, Elina"]
[Black "Kosintseva, Tatiana"]
[Result "1-0"]
[WhiteElo "2517"]
[BlackElo "2536"]
[PlyCount "47"]
[EventDate "2011.09.02"]
[EventType "tourn (rapid)"]
[EventRounds "6"]
[EventCountry "RUS"]
[EventCategory "12"]
[SourceTitle "CBM 144 Extra"]
[Source "ChessBase"]
[SourceDate "2011.10.28"]
[SourceVersion "1"]
[SourceVersionDate "2011.10.28"]
[SourceQuality "1"]

1. Nf3 d5 2. c4 d4 3. e3 Nc6 4. exd4 Nxd4 5. Nxd4 Qxd4 6. Nc3 c6 7. d3 Nh6 8. Be3 Qd8 9. d4 ({RR} 9. Be2 Nf5 10. O-O g6 11. d4 Bg7 12. d5 Nxe3 13. fxe3 O-O 14. Bf3 cxd5 15. cxd5 Qb6 16. Qd2 Bd7 17. Kh1 Rac8 18. Rac1 Rc4 19. d6 e6 20. b3 Rcc8 21. Ne2 Bb5 22. Rxc8 Rxc8 23. Rc1 Rd8 {Padalka,A (2093)-Ivanisevic,I (2540) chess.com INT 2025 0-1 (45)}) ({RR} 9. Bxh6 gxh6 10. Be2 Bg7 11. O-O Bf5 12. Qb3 Qc7 13. Rad1 O-O-O 14. Ne4 Bd4 15. Ng3 Bg6 16. Bf3 Rhg8 17. Qa3 Kb8 18. b4 Rd6 19. c5 Rf6 20. Qb3 h5 21. Ne2 Be5 22. d4 Bxh2+ 23. Kh1 h4 {Cramling,P (2525)-Kosintseva,T (2496) Beijing 2013 0-1 (32)}) 9... Nf5 10. Bd3 ({RR} 10. Qd2 g6 11. Be2 Bg7 12. Rd1 O-O 13. O-O Qa5 14. d5 Nxe3 15. Qxe3 Qb6 16. Qd2 Rd8 17. Rfe1 Bd7 18. Bf3 Bf6 19. Re2 Kg7 20. Qf4 cxd5 21. Nxd5 Be6 22. h4 Bxd5 23. cxd5 Qd6 24. Qe4 Rac8 {Beliavsky,A (2632)-Leitao,R (2624) Khanty-Mansiysk 2010 ½-½}) 10... Nxd4 11. O-O $146 ({RR} 11. Bxh7 e5 12. Bd3 Be6 13. h3 Be7 14. Qd2 Qd7 15. O-O-O O-O-O 16. Rhe1 Qc7 17. Kb1 Nf5 18. Qc2 Nxe3 19. Rxe3 g6 20. Rde1 Bf6 21. Ne4 Be7 22. Nc3 Rh5 23. g4 Rhh8 24. Rxe5 Rxh3 25. Bxg6 Bf6 {Avramidou,A (2290)-Mekhitarian,K (2560) chess.com INT 2024 0-1 (81)}) ({RR} 11. Bxh7 e5 12. Bd3 Be6 13. h3 Be7 14. Qd2 Qd7 15. O-O-O O-O-O 16. Rhe1 Qc7 17. Kb1 Nf5 18. Qc2 Nxe3 19. Rxe3 g6 20. Rde1 Bf6 21. Ne4 Be7 22. Nc3 Rh5 23. g4 Rhh8 24. Rxe5 Rxh3 25. Bxg6 Bf6 {Avramidou,A (2290)-Mekhitarian,K (2560) chess.com INT 2024 0-1 (81)}) 11... Nf5 12. Bc5 Nd6 13. Re1 b6 14. Qf3 bxc5 15. Qxc6+ Bd7 16. Qxd6 e6 17. Qg3 Rc8 18. Rad1 Qc7 19. Qg4 h5 20. Qg5 h4 21. Bc2 Bc6 22. Rxe6+ Be7 23. Qxg7 Rf8 24. Rxc6 1-0

[Event "EU-Cup 27th"]
[Site "Rogaska Slatina"]
[Date "2011.09.26"]
[Round "2"]
[White "Berkes, Ferenc"]
[Black "Winants, Luc"]
[Result "1-0"]
[WhiteElo "2706"]
[BlackElo "2540"]
[PlyCount "73"]
[EventDate "2011.09.25"]
[EventType "team-swiss"]
[EventRounds "7"]
[EventCountry "SLO"]
[SourceTitle "CBM 145"]
[Source "ChessBase"]
[SourceDate "2011.11.11"]
[SourceVersion "1"]
[SourceVersionDate "2011.11.11"]
[SourceQuality "1"]
[WhiteTeam "Sarajevo Bosna"]
[BlackTeam "Ans"]
[WhiteTeamCountry "BIH"]
[BlackTeamCountry "BEL"]

1. Nf3 Nf6 2. g3 d5 3. Bg2 c6 4. O-O Bg4 5. d3 Nbd7 6. Qe1 e5 7. e4 dxe4 8. dxe4 Qc7 ({RR} 8... Be7 9. Nbd2 O-O 10. h3 Bh5 11. Nh4 Re8 12. Nc4 Bf8 13. Bg5 Qc7 14. a4 a5 15. Kh2 Re6 16. Bd2 b6 17. Ne3 Nc5 18. f3 Rd8 19. Bc3 Ree8 20. Rf2 Ne6 21. Rd1 Bc5 22. Rxd8 Rxd8 23. Rd2 {Aronian,L (2825)-Tomashevsky,E (2738) Moscow 2012 ½-½ (42)}) ({RR} 8... Bxf3 9. Bxf3 Bc5 10. Nd2 O-O 11. a4 Qc7 12. a5 Bb4 13. a6 b6 14. Qe2 Rfe8 15. Bg2 Bf8 16. Rd1 Rad8 17. Nc4 b5 18. Na5 Nc5 19. Rxd8 Rxd8 20. Be3 Nxa6 21. Nb3 Qb7 22. Na5 Qc7 23. Nb3 {Berkes,F (2688)-Dubov,D (2622) Legnica 2013 ½-½}) 9. Nbd2 h6 ({RR} 9... Be7 10. a4 O-O 11. Nc4 Be6 12. Qe2 h6 13. Nh4 Rfe8 14. b3 Rad8 15. Bb2 Bf8 16. Rfd1 g6 17. Nf3 Bxc4 18. Qxc4 Bg7 19. h4 Ng4 20. Bh3 Ndf6 21. Qe2 Bf8 22. Ne1 h5 23. Nd3 Bd6 24. f3 {Nakamura,H (2768)-Terry,R (2520) chess.com INT 2023 1-0 (46)}) 10. Kh1 $146 ({RR} 10. h3 Be6 11. Qe2 Bc5 12. a4 O-O 13. b3 a6 14. Nc4 b5 15. Nb2 Bd6 16. Bd2 Nc5 17. Ne1 Rfe8 18. Kh2 Nfd7 19. Be3 Be7 20. Ned3 Nxd3 21. Qxd3 Bg5 22. Rfd1 Red8 23. Qe2 Bxe3 24. Qxe3 c5 {Drasko,M (2406)-Mantovani,R (2293) Montesilvano 2021 ½-½ (67)}) ({RR} 10. Nc4 Be6 11. Qe2 b5 12. Ne3 a6 13. Nh4 Bc5 14. Kh1 Nb6 15. b3 O-O 16. Nef5 Rfe8 17. f4 Bf8 18. Bb2 Nbd7 19. Ne3 exf4 20. gxf4 Bc5 21. e5 Nd5 22. Nef5 Nf8 23. Nxg7 Kxg7 24. f5 Qd8 {Kaidanov,G (2549)-Tello Chavez,I (2283) Las Vegas 2021 1-0}) 10... Nc5 11. Nc4 Nfd7 12. b3 Be6 13. Qe2 b5 14. Nb2 Be7 15. a4 a6 16. Nh4 O-O 17. Be3 Nf6 18. f3 Rfd8 19. Qf2 Ncd7 20. Qg1 Nh5 21. Rfd1 Bg5 22. Nd3 Bxe3 23. Qxe3 Nhf6 24. f4 exf4 25. gxf4 Re8 26. Rg1 Nf8 27. e5 Nd5 28. Qg3 f5 29. Nc5 Qf7 30. Bh3 Nxf4 31. Qxf4 Bd5+ 32. Bg2 g5 33. Nxf5 Kh7 34. Qf2 Rxe5 35. Raf1 Ng6 36. Nd3 Be4 37. Nd6 1-0

[Event "Bundesliga 1112"]
[Site "Germany"]
[Date "2011.10.16"]
[Round "3.2"]
[White "Berkes, Ferenc"]
[Black "Fedorchuk, Sergey A"]
[Result "1-0"]
[WhiteElo "2706"]
[BlackElo "2635"]
[PlyCount "83"]
[EventDate "2011.10.14"]
[EventType "team-tourn"]
[EventRounds "15"]
[EventCountry "GER"]
[SourceTitle "CBM 145"]
[Source "ChessBase"]
[SourceDate "2011.11.11"]
[SourceVersion "1"]
[SourceVersionDate "2011.11.11"]
[SourceQuality "1"]
[WhiteTeam "Eppingen"]
[BlackTeam "Remagen"]
[WhiteTeamCountry "GER"]
[BlackTeamCountry "GER"]

1. Nf3 Nf6 2. g3 b5 3. Bg2 Bb7 4. Na3 b4 5. Nc4 e6 6. O-O Be7 7. a3 a5 8. d3 d5 9. Nce5 Nbd7 $146 ({RR} 9... O-O 10. axb4 axb4 11. Rxa8 Bxa8 12. Bd2 Nbd7 13. Qa1 Nxe5 14. Nxe5 Bd6 15. Nf3 c5 16. Qa7 Bc6 17. Bf4 Qb8 18. Ra1 Bxf4 19. gxf4 Qxf4 20. Qxc5 Bd7 21. Qd4 Qxd4 22. Nxd4 g5 23. Ra6 Rc8 24. h4 {Benidze,D (2491)-Arutinian,D (2566) Tbilisi 2010 ½-½ (38)}) ({RR} 9... O-O 10. axb4 axb4 11. Rxa8 Bxa8 12. b3 Nbd7 13. Bb2 Bb7 14. Qa1 c5 15. Qa4 Qc7 16. Ra1 Bd6 17. Nxd7 Nxd7 18. Qa2 h6 19. Nd2 Be5 20. Qb1 Bc3 21. Nf3 d4 22. Bxc3 bxc3 23. Ra7 Qb6 24. Qa1 {Neiksans,A (2588)-Kramnik,V (2753) chess.com INT 2024 1-0 (70)}) 10. c4 O-O 11. cxd5 Bxd5 12. Nc4 Nb6 13. axb4 Nxc4 14. dxc4 axb4 15. Rxa8 Bxa8 16. Be3 Be4 17. Qxd8 Rxd8 18. Ne5 Ra8 19. Rd1 h6 20. h4 Ra2 21. Bxe4 Nxe4 22. Rd7 Bf6 23. Nd3 c5 24. b3 Rxe2 25. Kg2 Rc2 26. Kf3 Nd2+ 27. Bxd2 Rxd2 28. Nxc5 Rb2 29. h5 Kf8 30. Rd3 Bc3 31. Nd7+ Ke8 32. c5 Rc2 33. Nb6 Be1 34. Nc4 Rxf2+ 35. Kg4 Ke7 36. c6 Rf5 37. Rd7+ Kf6 38. c7 Rg5+ 39. Kf3 Rc5 40. Nd6 Rc3+ 41. Ke2 Bxg3 42. Ne4+ 1-0

[Event "Bundesliga 1112"]
[Site "Germany"]
[Date "2012.03.17"]
[Round "12.2"]
[White "Ghaem Maghami, Ehsan"]
[Black "Fridman, Daniel"]
[Result "1-0"]
[WhiteElo "2583"]
[BlackElo "2652"]
[PlyCount "101"]
[EventDate "2011.10.14"]
[EventType "team-tourn"]
[EventRounds "15"]
[EventCountry "GER"]
[SourceTitle "CBM 148"]
[Source "ChessBase"]
[SourceDate "2012.05.16"]
[SourceVersion "1"]
[SourceVersionDate "2012.05.16"]
[SourceQuality "1"]
[WhiteTeam "Hamburger SK"]
[BlackTeam "Muelheim Nord"]
[WhiteTeamCountry "GER"]
[BlackTeamCountry "GER"]

1. e4 e6 2. d3 c5 3. Nf3 Nc6 4. g3 g6 5. Bg2 Bg7 6. O-O Nge7 7. c3 O-O 8. Re1 e5 9. a3 d6 10. b4 Bg4 ({RR} 10... Be6 11. b5 Nb8 12. c4 h6 13. Nc3 Nd7 14. Nd5 a6 15. Rb1 axb5 16. Rxb5 b6 17. Qb3 Ra6 18. Bd2 Nc6 19. Rb1 Na7 20. Bc3 Nxb5 21. cxb5 Bxd5 22. exd5 c4 23. Qxc4 Rxa3 24. Bb4 Ra4 25. Qb3 {Carlsen,M (2832)-Grischuk,A (2750) Chess.com INT 2017 ½-½ (39)}) ({RR} 10... cxb4 11. axb4 b5 12. Na3 Rb8 13. d4 exd4 14. Nxd4 a6 15. Nac2 a5 16. Bg5 f6 17. Be3 axb4 18. Nxc6 Nxc6 19. Qd5+ {1-0 (19) Makarian,R (2525)-Gleizerov,E (2378) Yekaterinburg RUS 2024}) 11. Be3 $146 ({RR} 11. h3 Be6 12. Nbd2 f6 13. Bb2 Qd7 14. Kh2 Rfd8 15. Qe2 Rac8 16. Rad1 b6 17. Ba1 cxb4 18. cxb4 d5 19. d4 exd4 20. b5 Ne5 21. Nxd4 dxe4 22. Nxe6 Qxe6 23. Nxe4 Rxd1 24. Rxd1 f5 25. Ng5 Qc4 {Guido,F (2356)-Burlando,A (2161) Bratto 2008 1-0 (38)}) ({RR} 11. Nbd2 b6 12. Nb3 Qd7 13. Bb2 f6 14. b5 Nd8 15. a4 a6 16. c4 Ra7 17. Qc2 f5 18. exf5 gxf5 19. Nh4 f4 20. Nd2 a5 21. Re4 Bf6 22. Ndf3 Ne6 23. Rf1 Ng5 24. Ree1 Bg7 25. Bc1 Nf5 {Cirlig,I (1816)-Cosman,A (2074) Calimanesti 2015 1-0 (62)}) 11... b6 12. h3 Be6 13. Nbd2 h6 14. Nc4 Qd7 15. Qc1 Kh7 16. b5 Nd8 17. a4 Rb8 18. Qd1 f5 19. exf5 gxf5 20. Qe2 Ng6 21. h4 d5 22. h5 dxc4 23. hxg6+ Kxg6 24. dxc4 Qf7 25. Qc2 Kh7 26. Nh4 Kg8 27. f4 Bxc4 28. fxe5 Ne6 29. Bf4 Ng5 30. e6 Bxe6 31. Bxb8 Rxb8 32. Rf1 Rf8 33. Rae1 c4 34. Kh2 Qd7 35. Rd1 Qc8 36. Bd5 f4 37. Nf5 fxg3+ 38. Kxg3 Be5+ 39. Kg2 Bxd5+ 40. Rxd5 Qb7 41. Ne3 Rxf1 42. Qg6+ Qg7 43. Qxg7+ Bxg7 44. Kxf1 Ne4 45. Rd8+ Bf8 46. Ra8 Nxc3 47. Rxa7 Bc5 48. Nxc4 Kf8 49. a5 Nxb5 50. Ra8+ Ke7 51. axb6 1-0

[Event "EU-chT (Men) 18th"]
[Site "Porto Carras"]
[Date "2011.11.06"]
[Round "4.1"]
[White "Hansen, Sune Berg"]
[Black "Miezis, Normunds"]
[Result "1-0"]
[WhiteElo "2566"]
[BlackElo "2547"]
[PlyCount "161"]
[EventDate "2011.11.03"]
[EventType "team-swiss"]
[EventRounds "9"]
[EventCountry "GRE"]
[SourceTitle "CBM 146"]
[Source "ChessBase"]
[SourceDate "2012.01.18"]
[SourceVersion "1"]
[SourceVersionDate "2012.01.18"]
[SourceQuality "1"]
[WhiteTeam "Denmark"]
[BlackTeam "Latvia"]
[WhiteTeamCountry "DEN"]
[BlackTeamCountry "LAT"]

1. e4 c5 2. Nf3 e6 3. d3 Nc6 4. c3 d5 5. Qe2 Nge7 6. g3 g6 7. Bg2 Bg7 8. O-O f6 ({RR} 8... e5 9. exd5 Qxd5 10. Be3 Bf5 11. Rd1 Rd8 12. Nd4 Nxd4 13. cxd4 Qd7 14. dxe5 Bxd3 15. Qe1 b6 16. Qc3 Qf5 17. f4 O-O 18. g4 Qxg4 19. Rxd3 Nf5 20. Qd2 Rxd3 21. Qxd3 c4 22. Qd2 Nxe3 23. Qxe3 {Demchenko,A (2671)-Romanov,E (2577) Teplice 2019 0-1 (45)}) ({RR} 8... e5 9. Nbd2 d4 10. cxd4 cxd4 11. Ne1 O-O 12. f4 Be6 13. Ndf3 f6 14. Nh4 Qd7 15. Bd2 a5 16. Nef3 Bg4 17. Rfc1 h6 18. Qf1 g5 19. h3 Be6 20. Nf5 Nxf5 21. exf5 Bxf5 22. g4 Be6 23. f5 {Esteves,G (1957)-Martinez Ramirez,L (2442) Portimao POR 2024 0-1 (41)}) 9. exd5 ({RR} 9. a3 a5 10. a4 O-O 11. Na3 e5 12. Nb5 Be6 13. exd5 Bxd5 14. Nd2 f5 15. Nc4 h6 16. Ncd6 Qd7 17. f4 Bxg2 18. Kxg2 exf4 19. Bxf4 g5 20. Be3 b6 21. Rae1 Rf6 22. Nc4 Raf8 23. Bc1 f4 {Abergel,T (2296)-Miezis,N (2501) Bethune 2001 1-0 (40)}) 9... exd5 $146 ({RR} 9... Nxd5 10. d4 cxd4 11. Nxd4 Nxd4 12. cxd4 O-O 13. Nc3 Nxc3 14. bxc3 Qc7 15. c4 Re8 16. Rb1 Rb8 17. Rd1 b6 18. d5 Ba6 19. dxe6 Qxc4 20. Qxc4 Bxc4 21. Bf4 Rbc8 22. Bb7 Rc5 23. Bd6 Bxa2 24. Bxc5 {O'Toole,G (2157)-Arkell,K (2409) High Wycombe 2011 ½-½ (89)}) 10. d4 c4 11. b3 cxb3 12. axb3 O-O 13. Ba3 Re8 14. Re1 Bd7 15. Qa2 a5 16. Qb2 Qc8 17. Nbd2 Bh3 18. Bh1 Be6 19. Re2 Qd7 20. Rae1 Bf7 21. Bg2 Bf8 22. Nf1 Na7 23. Ne3 Nb5 24. Bc5 Nd6 25. Nd2 Kg7 26. c4 Ndf5 27. Bh3 Qc6 28. Bxf5 Nxf5 29. Nxf5+ gxf5 30. Bxf8+ Rxf8 31. c5 Rfe8 32. Nf3 Bh5 33. Qc3 Re4 34. Rxe4 fxe4 35. Nh4 Bg6 36. Rc1 Qb5 37. Ra1 a4 38. bxa4 Rxa4 39. Rxa4 Qxa4 40. h3 Qd1+ 41. Kg2 Qa4 42. Qe3 Qb4 43. g4 Qa4 44. g5 Qc6 45. Qf4 fxg5 46. Qxg5 Qe6 47. Kg3 Qf7 48. Qf4 Qe7 49. Ng2 Qf6 50. Qxf6+ Kxf6 51. Kf4 Bf5 52. h4 Be6 53. Ne3 h6 54. Nd1 Bd7 55. Nc3 Ke6 56. Kg4 Be8 57. Ne2 Kf6 58. Kf4 Bd7 59. Ng3 Bc8 60. Ke3 Bg4 61. Kd2 Ke6 62. Kc3 Kd7 63. Kb4 Kc6 64. Ka5 Kc7 65. Nf1 Kc6 66. Ne3 Be6 67. Nd1 Bh3 68. Nc3 Bf1 69. Na2 Bc4 70. Nb4+ Kc7 71. Nc2 Kc6 72. Ne3 Be2 73. Nf5 h5 74. Ne7+ Kd7 75. Nxd5 Kc6 76. Nf6 Bf3 77. Kb4 b6 78. d5+ Kc7 79. cxb6+ Kxb6 80. Kc4 Kc7 81. Kd4 1-0